| 000 | 01233cam a2200349 i 4500 | ||
|---|---|---|---|
| 999 |
_c200443186 _d61398 |
||
| 001 | 200443186 | ||
| 003 | TR-AnTOB | ||
| 005 | 20220425163434.0 | ||
| 007 | ta | ||
| 008 | 210823s1994 tu abd 000 0 tur d | ||
| 020 | _a9751909414 | ||
| 035 | _a(TR-AnTOB)200443186 | ||
| 040 |
_aBGZ _beng _erda _cBGZ _dTR-AnTOB |
||
| 041 | 0 | _atur | |
| 050 | 1 | 4 |
_aHM101 _b.D48 1994 |
| 090 |
_aTOBBK HM101 _b.D48 1994 |
||
| 100 | 1 |
_aDoğanay, Filiz _eauthor _944248 |
|
| 245 | 1 | 0 |
_aSosyal ve kültürel dönüşme sürecinde Harran Ovası ve GAP uygulaması / _cFiliz Doğanay. |
| 264 | 1 |
_aAnkara : _bDevlet Planlama Teşkilatı, _c1994. |
|
| 300 |
_aii, 89 pages : _billustrations, color maps, tables ; _c24 cm |
||
| 336 |
_atext _btxt _2rdacontent |
||
| 337 |
_aunmediated _bn _2rdamedia |
||
| 338 |
_avolume _bnc _2rdacarrier |
||
| 500 | _a"Ekim 1994." | ||
| 650 | 7 |
_aEkonomik kalkınma projeleri _zTürkiye, Doğu _2etuturkob _9135707 |
|
| 650 | 7 |
_aSosyal değişim _zTürkiye _zHarran Ovası _2etuturkob _9132285 |
|
| 651 | 7 |
_aHarran (Türkiye) _xEkonomik durum _2etuturkob _9132286 |
|
| 651 | 7 |
_aHarran (Türkiye) _xSosyal durum _2etuturkob _9132288 |
|
| 942 |
_2z _cBK |
||